000 00449nam a2200169Ia 4500
003 GCL
008 140319s9999 xx 000 0 aRus d
040 _aGCL /
_cGCL
082 0 4 _a320.9
_bL V
100 1 _aLEGRAIN, JEAN-FRANSOIS
245 1 0 _aLES VOIX DU SOULEVEMENT PALESINIEN /
_cLEGRAIN, JEAN-FRANSOIS
700 1 _aCHENARD,PIRRE
260 _a[S.N] :
_bCEDEJ ،
_c1991
650 0 4 _aPALESTINAN ARABS
650 0 4 _aISRAEL
942 _2ddc
_cBK
999 _c16425
_d16425